000 00277nam a22001337a 4500
008 180109b xxu||||| |||| 00| 0 eng d
020 _a9780026354233
041 _aeng
080 _a82
100 _a21
101 _aGJU
245 _aLITERATURE
_cCHIN.B.A
942 _2udc
_cBK
999 _c39849
_d39849